00932 2200313 4500001002100000005001700021008004100038020001800079035002400097082001100121090001800132100001700150245011500167250001700282260002800299300003500327440003600362500002600398500005300424650002200477700001600499700002200515700001900537850001500556980001100571985000600582999001500588999001500603YOGYA-0209000003876720090227025412.0 ind  a979-741-513-9 0010-020900000038767 a621.31 a621.31bWat P aWATKINS, A.J aPerhitungan instalasi listrikcA.J. Watkins, R.K. Parton; alih bahasa, Zulkifli Harahap; editor, Wayan Santika aVol.2.,cet.1 aJakartabErlanggac2005 a... vol., 128 hlmbilusc21 cm aSeri pendidikan profesi elektro aYang diterima : vol 2 aJudul asli : Electrical instalation calculations aInstalasi listrik aParton, R.K aHarahap, Zulkifli aSantika, Wayan aYOPDYOG(B) a070506 a2 a05B0011373 a05B0011374